02876agaaa2200337 45000010005000000030009000050050017000140070009000310080040000400400023000800410013001031000055001161300026001712450188001972500022003852600114004073000034005215080215005555110092007705201029008625380016018915460013019076500073019207000073019937000067020667000071021337000062022049420012022669990019022789520241022979440IT-RoPAU20220918181243.0d cvaizq50131s9999||||xx ||| | || ||und|| aIT-RoPAUcIT-RoPAU aITALIANO aDamiani DamianogCodice regista SPICS: 7592941060 aINCHIESTA (L')946127 aINCHIESTA (L')cProdotto da: Lucisano Fulvio -- Sceneggiatura: Damiani Damiano Bonicelli Vittorio -- Diretto da: Damiani DamianopINCHIESTA (L') (Rif. Codice opera principale : H9440) aEdizione Standard a(ITALIA)bITALIAN INT. FILM - CLESI / Distribuzione: RICORDIg"1986 (1° ed.: 2010 ; Ed. Lingua Orig.: 1986)" aDVDbsonoro, col.c104 minuti a"Fotografia: Di Giacomo Franco; Montaggio: Meniconi Enzo; Musica: Ortolani Riz; Sceneggiatura: Damiani Damiano Bonicelli Vittorio; Scenografia: Fiorentini Enrico; Soggetto: Cecchi D'Amico Suso -- Flajano Ennio" a"Carradine Keith; Keitel Harvey; Logan Phyllis; Infanti Angelo; Satri Lina; Bartoli L." a"L'IMPERATORE TIBERIO INCARICA TAURO DI ANDARE IN PALESTINA E RITROVARE IL CORPO DI UN RIBELLE EBREO, GESU' DI NAZARETH, CROCIFISSO ANNI PRIMA, PER FAR CESSARE LE LEGGENDE SULLA SUA RESURREZIONE. L'INCHIESTA IMPERIALE SUSCITASCALPORE E ALLARME E MOLTI, TRA CUI PONZIO PILATO, SI CHIEDONO SE EFFETTIVAMENTE GLI SCOPI DI TAURO SIANO SOLO QUELLI DI RITROVARE IL CADAVERE DI UN GIUSTIZIATO. ANCHE LA MOGLIE DI PILATO, CLAUDIA, APPARE TURBATA DALLE RICERCHE DI TAURO E SI OFFRE DI ACCOMPAGNARLO AL SEPOLCRO DA CUI SPARI' IL CORPODI GESU'. RACCONTA ANCHE LA STORIA DI MARIA MADDALENA, CHE FU DISCEPOLA DEL NAZARENO ED ASSISTETTE ALLA SUA RESURREZIONE. TUTTE LE TESTIMONIANZE CHE TAURO RACCOGLIE RENDONO SEMPRE PIU' INSPIEGABILE LA SPARIZIONE DEL CORPO E,PROCEDENDO ANCORA NELLE INVESTIGAZIONI, TAURO CAPISCE CHE LA RAZIONALITA' NON BASTA A SPIEGARE IL MISTERO. CONTENUTI EXTRA: INTERVISTA AL PRODUTTORE FULVIO LUCISANO; GALLERIA FOTOGRAFICA; LOCANDINA AMERICANA; BIO-FILMOGRAFIEDI DAMIANO DAMIANI, KEITH CARRADINE, HARVEY KEITEL." aPAL, STEREO aITALIANO aRELIGIOSO - STORIeDVD-FILM [DVD]xCodice MATERIA SPICS: 9947946128 aCecchi D'Amico Suso e(soggetto)gCodice Soggetto SPICS: 7581946129 aDamiani Damiano e(regista)gCodice regista SPICS: 7592941060 aFlajano Ennio e(soggetto)gCodice Soggetto 2° SPICS: 6603946130 aOrtolani Rize(musica)gCodice Musica SPICS: 11049946131 cDV2ddc c106298d106298 0010406H_9440_00000000000000071aSPICSbSPICSd2015-01-31l0oH9440r2015-01-31 00:00:00w2015-01-31yDVzProgr. Ins.: 3889 / N.Vol.:1 / Copie: 1 / Pag.:0 / Copia rara: n.d. / date import: 1.2.2015 / By Epidotti, Trombetti, Vaglietti